00325nam a2200133Ia 4500008004100000020002100041041000800062082001600070100002300086245002200109260003500131300001700166650000800183260601s2022 xx 000 0 und d a978-161268-113-9 aeng a332.024/KIY aKIYOSALKI ROBERT.T aRICH DAD POOR DAD aUKbPLATA PUBLISHING LLCc2022 aP.B,XIII,348 aMBA